Emotions, technology, and health /

"Emotions, Technology, and Health examines how healthcare consumers interact with health technology, how this technology mediates interpersonal interactions, and the effectiveness of technology in gathering health-related information in various situations. The first section discusses the use of...

Full description

Bibliographic Details
Corporate Author: ScienceDirect (Online service)
Other Authors: Tettegah, Sharon Y. (Editor), Garcia, Yolanda Evie (Editor)
Format: eBook
Language:English
Published: London, UK : Academic Press, [2016]
Edition:Firtst edition.
Series:Emotions and technology.
Subjects:
Online Access:Connect to the full text of this electronic book

MARC

Tag First Indicator Second Indicator Subfields
LEADER 00000cam a2200000 i 4500
001 in00005760121
005 20260327150037.9
006 m o d
007 cr |||||||||||
008 160107t20162016enka ob 000 0 eng d
040 |a N$T  |b eng  |e rda  |e pn  |c N$T  |d N$T  |d OCLCO  |d YDXCP  |d OCLCF  |d OCLCO  |d CDX  |d OPELS  |d EBLCP  |d OCLCO  |d IDEBK  |d DEBSZ  |d VLB  |d MERUC  |d OCLCQ  |d U3W  |d SNK  |d U3G  |d WRM  |d OCLCQ  |d YOU  |d OCLCO  |d C6I  |d OCLCA  |d MERER  |d OCLCO  |d OCLCQ  |d DCT  |d UKMGB  |d OCLCQ  |d OCLCA  |d S2H  |d OCLCO  |d LVT  |d OCLCQ  |d OCLCO  |d OCL  |d OCLCQ  |d OCLCO  |d OCLCL  |d OCLCQ  |d SXB  |d OCLCQ  |d OCLCO  |d UKKRT  |d OCLCL  |d OCLCQ  |d ORE 
015 |a GBB5I5596  |2 bnb 
016 7 |a 017677667  |2 Uk 
019 |a 933587051  |a 935259499  |a 1229537003 
020 |a 9780128018392  |q (electronic bk.) 
020 |a 0128018399  |q (electronic bk.) 
020 |a 9780081007013 
020 |a 0081007019 
020 |z 9780128017371 
020 |z 0128017376 
035 |a (OCoLC)933834879  |z (OCoLC)933587051  |z (OCoLC)935259499  |z (OCoLC)1229537003 
037 |a 884732  |b MIL 
050 4 |a R855.3  |b .E66 
060 4 |a W 82 
072 7 |a PSY  |x 024000  |2 bisacsh 
082 0 4 |a 152.4  |2 23 
049 |a TXAM 
245 0 0 |a Emotions, technology, and health /  |c [edited by] Sharon Y. Tettegah, Yolanda Evie Garcia. 
250 |a Firtst edition. 
264 1 |a London, UK :  |b Academic Press,  |c [2016] 
264 4 |c ©2016 
300 |a 1 online resource :  |e illustrations. 
336 |a text  |b txt  |2 rdacontent 
337 |a computer  |b c  |2 rdamedia 
338 |a online resource  |b cr  |2 rdacarrier 
490 1 |a Emotions and technology 
504 |a Includes bibliographical references and index. 
588 |a Description based on online resource; title from digital title page (viewed on October 3, 2025). 
520 |a "Emotions, Technology, and Health examines how healthcare consumers interact with health technology, how this technology mediates interpersonal interactions, and the effectiveness of technology in gathering health-related information in various situations. The first section discusses the use of technology to monitor patients' emotional responses to illness and its treatment, as well as the role of technology in meeting the fundamental human need for information. Section Two describes the use of technology in mediating emotions within and between individuals, and addresses the implications for the design and use of devices that gather behavioral health data and contribute to healthcare interventions. The final section assesses different situations in which technology is a key component of the health intervention-such as tablet use in educating elementary school students with social skills difficulty, physical activity monitoring for children at risk for obesity, and teleconferencing for older adults at risk of social isolation." -- ProQuest. 
505 0 |a Front Cover; Emotions, Technology, and Health; Copyright; Contents; Contributors; Foreword; Acknowledgments; References; Preface; The Intersection Between Emotions, Technology, and Health; Telehealthcare Systems and Patient Interactions; Use of Technology to Promote Emotional Health; Technology in Clinical Treatment; References; Section I: Telehealthcare Systems and Patient Interactions; Chapter 1: Using Technology for Evaluation and Support of Patients Emotional States in Healthcare; Doctor-Patient Communication; Types of Emotion; Using Technology to Support Healthcare Assessments. 
505 8 |a Physiological Responses and DetectionArtificial Intelligence; Computer Games and Simulations; Discussion; Conclusion; References; Chapter 2: Patient Emotions and Patient Education Technology; Overview; Meanings; Emotions; Patient Education Technology; Pedagogy; Discussion and applications; Summary; References; Chapter 3: Digitized Emotions in the Pocket: Social Computing and Mobile Mental Health (mMH) Applications; Introduction; Current Scientific Knowledge in Smartphone Health Applications Research; Clinical and Research Web-Based Applications; Medical Encounters. 
505 8 |a Enhancing Patient Self-Care and Health MonitoringSocial Networking on Smartphones for Emotional Support; Overcoming Digital Divide in Mental Health via Smartphones; Intergenerational Perspectives; Quality Concerns; Future Research Directions; References; Further Reading; Chapter 4: Electronic Record Keeping and Psychotherapy Alliance: The Role of Concurrent Collaborative Documentation; Introduction; EHRs: Changing the Landscape; The Emergence of Collaborative Documentation; The Alliance in Psychotherapy; The Alliance and Outcomes; Building and Maintenance of the Alliance. 
505 8 |a Treatment Notes, Clients, and TechnologyTechnology-Patient Interactions; Transparency of Records; Involving Clients Through Collaboration and Transparency; Role of Collaboration in Service Planning and Documentation; Collaboration Through Shared Decision Making; Conclusion; References; Section II: Uses of Technology to Promote Emotional Health; Chapter 5: What Is Emotional About Emotional Robotics?; Emotional Robots in an Aging Society; From Virtual Software Pets to Emotional Robots; The Robotic Companion Paro; Affective States in Different Types of Interactions. 
505 8 |a Affect in Human-Animal InteractionsAffect in Human-Robot Interaction; The Importance of HAI and HRI Research in Emotional Robot Research; Acceptance of Paro and First Clinical Evaluations; Acceptance of Paro; Clinical Evaluation of Paro; Ethical, Political, and SOCIAL PSYCHOLOGICAL Considerations on the Use of Emotional Robots; Summary, Conclusions, and Future Research; References; Chapter 6: Memory, Media, Nostalgia, and Grief; Introduction; Memory, Representation, Language, and the Lacanian Gaze; Memory, Mediation, and Film; Paris, Texas; Memento. 
650 0 |a Emotions  |x Health aspects. 
650 0 |a Technology  |x Psychological aspects. 
650 0 |a Biomedical engineering. 
650 2 |a Biomedical Technology 
650 6 |a Technologie  |x Aspect psychologique. 
650 6 |a Génie biomédical. 
650 7 |a biomedical engineering.  |2 aat 
650 7 |a PSYCHOLOGY  |x Physiological Psychology.  |2 bisacsh 
650 7 |a Biomedical engineering  |2 fast 
650 7 |a Emotions  |x Health aspects  |2 fast 
650 7 |a Technology  |x Psychological aspects  |2 fast 
655 7 |a Electronic books.  |2 local 
700 1 |a Tettegah, Sharon Y.,  |e editor.  |1 https://id.oclc.org/worldcat/entity/E39PCjMy4r8QXXftwDbfyrH7pd 
700 1 |a Garcia, Yolanda Evie,  |e editor.  |1 https://id.oclc.org/worldcat/entity/E39PCjtJFFgvwG8PHM8V4cPJ6q 
710 2 |a ScienceDirect (Online service) 
758 |i has work:  |a Emotions, technology, and health (Text)  |1 https://id.oclc.org/worldcat/entity/E39PCGcgR7HBJ9F7jHk7bPcvDy  |4 https://id.oclc.org/worldcat/ontology/hasWork 
776 0 8 |i Print version:  |t Emotions, technology, and health.  |d Amsterdam ; Boston : Elsevier/AP, Academic Press is an imprint of Elsevier, [2016]  |z 9780128017371  |w (DLC) 2015955061  |w (OCoLC)926743021 
830 0 |a Emotions and technology. 
856 4 0 |u http://proxy.library.tamu.edu/login?url=https://www.sciencedirect.com/science/book/9780128017371  |z Connect to the full text of this electronic book  |t 0 
955 |a Elsevier ScienceDirect 2026-2027 
994 |a 92  |b TXA 
999 f f |i 74f9b557-802b-4a6f-96cb-e845ad364a90  |s 5f65860a-7e68-40cd-9cde-90dc947cedb1  |t 0 
952 f f |a Texas A&M University  |b College Station  |c Electronic Resources  |s www_evans  |d Available Online  |t 0  |e R855.3 .E66  |h Library of Congress classification 
998 f f |a R855.3 .E66  |t 0  |l Available Online